00734cam a2200241 i 4500001000800000005001700008008004100025010001700066020001500083020002200098040001800120041000800138080001300146082001700159100000700176101000800183245007900191504003200270906004500302942001200347999001700359952011600376413942020180206035108.0781024s1979 nyu b 001 0 eng  a 77020413  z0465040493 a0465040411 (pbk.) aDLCcDLCdDLC aeng a301.183200a301.1832 KAN a54 aMNG00aLife in organizations :cRosabeth Moss Kanter and Barry A. Stein, editors. aBibliography: p. [429]-431. a7bcbccorignewd1eocipf19gy-gencatlg 2ddccBK c41863d41863 00102udc40708PËKGa002b002cPËKGd2018-02-06l0o301.1832 KANp002-2999094r2018-02-06w2018-02-06yBK